Euro 2016 - Statistics

Estatísticas Gerais
  • Esse quiz foi jogado 145 vezes
  • A pontuação média é 19 de 24
Estatísticas das Respostas
Hint Resposta % Correto
A franca
100%
F portugal
98%
D espanha
94%
C alemanha
93%
B inglaterra
91%
E italia
90%
E belgica
89%
E suecia
87%
A suica
87%
F hungria
84%
C ucrania
82%
D croacia
81%
F islandia
81%
B pais de gales
81%
C polonia
81%
B russia
81%
E irlanda
77%
F austria
74%
A romenia
67%
B eslovaquia
66%
D turquia
64%
A albania
53%
C irlanda do norte
45%
D republica checa
36%
Nenhum quiz correspondente encontrado
Distribuição das Pontuações
Porcentagem de Pessoas com Cada Pontuação
Percentil de Números Respondidos
Sua Pontuação Histórica
Você não jogou esse quiz